• 首页
  • 本馆介绍
  • 公告通知
  • 最新文献
  • 馆藏检索
  • 电子资源
  • 读者导购
  • 参考咨询
  • 我的图书馆
  • 登录
  • 详细信息显示
  • 放入我的书架
  • 预约/预借图书
  • 作者相关作品
  • 分类相关作品
  • 丛书相关作品
  • 出版社相关作品

书目信息

  • 表格格式
  • 工作单格式
  • 卡片格式
书名: Library automation for library technicians
作者: by Joan I. Tracy
分册号:
分册名:
出版地: Metuchen, N.J. :
 
出版社: Scarecrow Press
出版时间: 1986.
页数: vi, 163 p. :
开本: 29 cm.
丛书名:
中图分类号:
科图分类号:
其他分类号: G258.94
主题词:
电子资源:
000 00840nam 2200253 a 4500
001 E0761298359
005 20070226170414.50
008 uu
008 00110 eng
010    @a85026233
020    @a0810818655 :@cCNY3.20.
090    @aG258.94
099    @dG258.94@ex14
100 10 @aTracy, Joan I., @d1928-
245 10 @aLibrary automation for library technicians :@ban introduction / @cby Joan I. Tracy
260 0  @aMetuchen, N.J. :@bScarecrow Press,@c1986.
300    @avi, 163 p. :@bill. ;@c29 cm.
500    @aIncludes index.
504    @aBibliography: p. [159].
650  0 @aLibrary science @xData processing.
650  0 @aLibrary technicians. @b00 @c20020930 @lNLC09 @h2249 @lNLC09 @h2335 @lNLC09 @h1926
650  0 @aLibraries @xAutomation.
700    @aTracy Joan I.
852 9  @bWWJC @cJ08N @k2-89 @hG258.94 @iT76
    
    Library automation for library technicians : : an introduction / / by Joan I. Tracy.-Metuchen, N.J. : : Scarecrow Press, , 1986.
    vi, 163 p. : : ill. ; ; 29 cm.
    Includes index.-Bibliography: p. [159].
    
    ISBN 0810818655 :CNY3.20.
    
●
相关链接 在E读中查询图书 在五车中查询图书 在当当中查询图书 在豆瓣中查询图书


正题名:Library automation for library technicians     索取号:G258.94/x14         预约/预借

序号 登录号 条形码 馆藏地/架位号 状态 备注
1 183268   001170994   第二样本阅览室/ [索取号:G258.94/x14] 在馆    
2 183269   001170976   第四借阅区/ [索取号:G258.94/x14] 在馆    
3 183270   001171074   第四借阅区/ [索取号:G258.94/x14] 在馆    
唐山师范学院图书馆 欢迎您!
大连网信软件有限公司© 版权所有